[Event "Skalica op"]
[Site "Skalica"]
[Date "2020.01.11"]
[Round "6"]
[White "Vrana, Frantisek"]
[Black "Vach, Pavol"]
[Result "1-0"]
[WhiteElo "2239"]
[BlackElo "2073"]
[PlyCount "149"]
[EventDate "2020.01.11"]
[EventType "swiss"]
[EventRounds "9"]
[EventCountry "SVK"]
[SourceTitle "CBM 194 Extra"]
[Source "ChessBase"]
[SourceDate "2020.03.31"]
[SourceVersion "1"]
[SourceVersionDate "2020.03.31"]
[SourceQuality "1"]

1. d4 e6 2. Nf3 d5 3. Bf4 Nf6 4. Nbd2 c5 5. c3 Nc6 6. e3 Bd6 7. Bg3 0-0 8. Bd3 Re8 9. Ne5 Bxe5 10. dxe5 Nd7 11. f4 f5 12. Nf3 Qb6 13. Qc1 c4 14. Bc2 Nc5 15. 0-0 Bd7 16. Bh4 Ne4 17. h3 Rf8 18. Kh2 Be8 19. g4 Qc7 20. Rg1 Bg6 21. Qe1 b5 22. Rg2 Rab8 23. a3 a5 24. Rd1 b4 25. axb4 axb4 26. Ba4 bxc3 27. bxc3 Ra8 28. Bxc6 Qxc6 29. Nd4 Qd7 30. Ra1 Rfb8 31. gxf5 Bxf5 32. Bf6 Nxf6 33. exf6 g6 34. Rga2 Rxa2+ 35. Rxa2 Qf7 36. Qh4 Rf8 37. Nxf5 exf5 38. Ra6 Qb7 39. Qh6 Rf7 40. Rd6 Qa8 41. Kg3 Qe8 42. Kf2 Qa8 43. Kf3 Qe8 44. Kf2 Qa8 45. h4 Qf8 46. Qxf8+ Rxf8 47. Rxd5 Rxf6 48. Rc5 Kg7 49. Rxc4 Kh6 50. Rc7 Ra6 51. Kf3 Ra1 52. c4 Rh1 53. c5 Rxh4 54. Kg2 Rg4+ 55. Kf2 Rh4 56. Kg2 Rg4+ 57. Kf1 Rh4 58. c6 Rh1+ 59. Ke2 Rc1 60. Rc8 Kh5 61. Kf3 h6 62. c7 Rc3 63. Ke2 Kg4 64. Kd2 Rc6 65. Kd3 g5 66. Kd4 gxf4 67. Rg8+ Kf3 68. c8Q Rxc8 69. Rxc8 fxe3 70. Kd3 f4 71. Rh8 e2 72. Re8 Kg3 73. Kxe2 f3+ 74. Kf1 h5 75. Rg8+ 1-0

[Event "SVK-chT1W 1112"]
[Site "Slovakia"]
[Date "2012.02.04"]
[Round "8.7"]
[White "Vach, Pavol"]
[Black "Balogh, Peter"]
[Result "0-1"]
[WhiteElo "2103"]
[BlackElo "1955"]
[PlyCount "128"]
[EventDate "2011.10.15"]
[EventType "team-tourn"]
[EventRounds "11"]
[EventCountry "SVK"]
[SourceTitle "EXT 2013"]
[Source "ChessBase"]
[SourceDate "2012.11.22"]
[SourceVersion "1"]
[SourceVersionDate "2012.11.22"]
[SourceQuality "1"]
[WhiteTeam "Osuske"]
[BlackTeam "Komarno"]
[WhiteTeamCountry "SVK"]
[BlackTeamCountry "SVK"]

1. d4 Nf6 2. c4 c5 3. d5 e6 4. Nc3 exd5 5. cxd5 d6 6. Nf3 g6 7. e4 Bg7 8. h3 0-0 9. Bd3 a6 10. a4 Re8 11. 0-0 Nbd7 12. Bf4 Qc7 13. Rc1 Nh5 14. Bh2 Bh6 15. Rc2 Nf4 16. Bxf4 Bxf4 17. Ne2 Bh6 18. Ng3 Rb8 19. b3 Nf6 20. Re1 Bd7 21. Qa1 Bg7 22. Qc1 b5 23. axb5 axb5 24. Qf4 Qb6 25. Nf1 Nh5 26. Qc1 Ra8 27. g4 Nf6 28. Ng3 Bxg4 29. hxg4 Nxg4 30. Qf4 h5 31. Ng5 Ra7 32. Kg2 Be5 33. Qf3 Bd4 34. Rh1 c4 35. bxc4 Bxf2 36. Rxf2 Qxf2+ 37. Qxf2 Nxf2 38. Kxf2 Ra3 39. Rd1 b4 40. Ne2 Rb8 41. Nd4 Ra2+ 42. Ke3 Rg2 43. Ngf3 b3 44. Nb5 Ra8 45. Nxd6 b2 46. Nb5 Ra1 47. Bb1 Rc2 48. Nd2 Rc1 49. Ke2 h4 50. Nd4 h3 51. N4f3 g5 52. Nh2 Ra3 53. e5 g4 54. Nxg4 Rg3 55. Nf2 Rg2 56. Be4 Rxf2+ 57. Kxf2 Rxd1 58. Ke2 Rc1 59. d6 Kf8 60. Kd3 b1Q+ 61. Nxb1 Rxb1 62. Kd4 Rd1+ 63. Kc5 Ke8 64. Kb6 Kd8 0-1

[Event "SVK-chT2A 0809"]
[Site "Slovakia"]
[Date "2009.02.01"]
[Round "9.4"]
[White "Vach, Pavol"]
[Black "Polacik, Igor"]
[Result "0-1"]
[WhiteElo "2104"]
[BlackElo "2194"]
[PlyCount "46"]
[EventDate "2008.10.11"]
[EventType "team-tourn"]
[EventRounds "11"]
[EventCountry "SVK"]
[SourceTitle "EXT 2010"]
[Source "ChessBase"]
[SourceDate "2010.11.25"]
[SourceVersion "1"]
[SourceVersionDate "2010.11.25"]
[SourceQuality "1"]
[WhiteTeam "Osuske"]
[BlackTeam "Bratislava Doprastav III"]
[WhiteTeamCountry "SVK"]
[BlackTeamCountry "SVK"]

1. d4 Nf6 2. c4 g6 3. Nf3 Bg7 4. Nc3 d5 5. cxd5 Nxd5 6. e4 Nxc3 7. bxc3 0-0 8. Bb5 c5 9. Be3 Bg4 10. Be2 Nc6 11. e5 Qa5 12. 0-0 Qxc3 13. Rc1 Qa3 14. Rxc5 Rfd8 15. Qa1 Be6 16. Rb1 Rd7 17. Bb5 Qxa2 18. Bxc6 bxc6 19. Rxc6 a5 20. Qxa2 Bxa2 21. Ra1 Bd5 22. Rc5 a4 23. Rxa4 Rxa4 0-1

[Event "SVK-chT2A 0809"]
[Site "Slovakia"]
[Date "2008.12.07"]
[Round "6.7"]
[White "Vach, Pavol"]
[Black "Niznansky, Lukas"]
[Result "1-0"]
[WhiteElo "2104"]
[BlackElo "1479"]
[PlyCount "41"]
[EventDate "2008.10.11"]
[EventType "team-tourn"]
[EventRounds "11"]
[EventCountry "SVK"]
[SourceTitle "EXT 2010"]
[Source "ChessBase"]
[SourceDate "2010.11.25"]
[SourceVersion "1"]
[SourceVersionDate "2010.11.25"]
[SourceQuality "1"]
[WhiteTeam "Osuske"]
[BlackTeam "Hlohovec SK Zentiva II"]
[WhiteTeamCountry "SVK"]
[BlackTeamCountry "SVK"]

1. d4 d5 2. c4 e6 3. Nc3 Nf6 4. Nf3 Bb4 5. Bg5 0-0 6. e3 Nc6 7. Bd3 Bd7 8. 0-0 h6 9. cxd5 exd5 10. Bxf6 Qxf6 11. Nxd5 Qd6 12. Nf4 Rfe8 13. a3 Ba5 14. Bc2 Ne7 15. Ne5 Bb5 16. Nxf7 Kxf7 17. Qh5+ Kg8 18. Qxb5 Bb6 19. Qd3 Kf8 20. Bb3 Qf6 21. Ne6+ 1-0

[Event "SVK-chT2A 0809"]
[Site "Slovakia"]
[Date "2008.11.09"]
[Round "4.6"]
[White "Vach, Pavol"]
[Black "Peitl, Tomas"]
[Result "1/2-1/2"]
[WhiteElo "2104"]
[BlackElo "2033"]
[PlyCount "100"]
[EventDate "2008.10.11"]
[EventType "team-tourn"]
[EventRounds "11"]
[EventCountry "SVK"]
[SourceTitle "EXT 2010"]
[Source "ChessBase"]
[SourceDate "2010.11.25"]
[SourceVersion "1"]
[SourceVersionDate "2010.11.25"]
[SourceQuality "1"]
[WhiteTeam "Osuske"]
[BlackTeam "Dunajska Streda SK II"]
[WhiteTeamCountry "SVK"]
[BlackTeamCountry "SVK"]

1. d4 Nf6 2. c4 e6 3. Nc3 Bb4 4. Qc2 0-0 5. Bg5 h6 6. Bh4 d6 7. e3 b6 8. Nf3 Bb7 9. Be2 Nbd7 10. 0-0 Bxc3 11. Qxc3 c5 12. Rad1 Qe7 13. Bg3 Ne4 14. Qd3 Nxg3 15. fxg3 Nf6 16. Nd2 d5 17. Bf3 dxc4 18. Nxc4 Rfd8 19. Ne5 Rac8 20. Qe2 cxd4 21. Rxd4 Bxf3 22. Qxf3 Rxd4 23. exd4 Qd6 24. Qd3 Qd5 25. b3 Qa5 26. Qe2 Qc3 27. Rd1 Nd5 28. Rd3 Qa1+ 29. Rd1 Nc3 30. Rxa1 Nxe2+ 31. Kf1 Rc2 32. Nc6 a5 33. d5 exd5 34. Ne7+ Kf8 35. Nxd5 b5 36. Ne3 Rc1+ 37. Rxc1 Nxc1 38. a4 b4 39. Nc4 Nxb3 40. Ke1 Ke7 41. Kd1 Ke6 42. Kc2 Nd4+ 43. Kd3 Nc6 44. Ne3 g6 45. Kc4 Ke5 46. Kb5 Kd4 47. Nd1 Kd5 48. Nb2 f5 49. Nd1 g5 50. Nb2 f4 1/2-1/2

[Event "SVK-chT3A2 0607"]
[Site "Slovakia"]
[Date "2007.02.11"]
[Round "8"]
[White "Vach, Pavol"]
[Black "Blatnicky, Miroslav"]
[Result "0-1"]
[WhiteElo "2117"]
[BlackElo "2163"]
[PlyCount "74"]
[EventDate "2006.10.08"]
[EventType "team-tourn"]
[EventRounds "11"]
[EventCountry "SVK"]
[SourceTitle "EXT 2008"]
[Source "ChessBase"]
[SourceDate "2007.11.25"]
[SourceVersion "1"]
[SourceVersionDate "2007.11.25"]
[SourceQuality "1"]
[WhiteTeam "Senica II"]
[BlackTeam "Vrbove"]
[WhiteTeamCountry "SVK"]
[BlackTeamCountry "SVK"]

1. e4 e6 2. d4 d5 3. exd5 exd5 4. Bd3 Nf6 5. Nf3 Bd6 6. 0-0 Be6 7. Re1 0-0 8. Ne5 h6 9. c4 c6 10. c5 Bxe5 11. Rxe5 Nbd7 12. Re1 Re8 13. Bf4 b6 14. b4 a5 15. b5 Qc8 16. Bd6 bxc5 17. dxc5 cxb5 18. Bxb5 Ne4 19. Rxe4 dxe4 20. Qd4 Rd8 21. Nc3 Nxc5 22. Qxc5 Rxd6 23. Qxd6 Qxc3 24. Rd1 e3 25. fxe3 Qxe3+ 26. Kh1 Bxa2 27. Bc6 Rc8 28. h3 Qe6 29. Qa3 Rxc6 30. Rd8+ Kh7 31. Qd3+ Qg6 32. Qf3 Qb1+ 33. Kh2 Rc1 34. Rd3 Rh1+ 35. Kg3 Qe1+ 36. Qf2 Qxf2+ 37. Kxf2 a4 0-1

[Event "SVK-chT 0607"]
[Site "Slovakia"]
[Date "2006.11.12"]
[Round "4"]
[White "Zambor, Norbert"]
[Black "Vach, Pavol"]
[Result "1-0"]
[WhiteElo "2365"]
[BlackElo "2131"]
[PlyCount "105"]
[EventDate "2006.10.21"]
[EventType "team-tourn"]
[EventRounds "11"]
[EventCountry "SVK"]
[SourceTitle "EXT 2019"]
[Source "ChessBase"]
[SourceDate "2018.10.10"]
[SourceVersion "1"]
[SourceVersionDate "2018.10.10"]
[SourceQuality "1"]
[WhiteTeam "Kosice sachy.sk"]
[BlackTeam "Senica"]
[WhiteTeamCountry "SVK"]
[BlackTeamCountry "SVK"]

1. e4 e6 2. d4 d5 3. Nd2 Nf6 4. e5 Nfd7 5. Bd3 c5 6. c3 Nc6 7. Ne2 Qb6 8. Nf3 cxd4 9. cxd4 Bb4+ 10. Kf1 f6 11. Qc2 fxe5 12. dxe5 Nf8 13. Be3 Qa5 14. a3 Bd7 15. h4 Rc8 16. Qd1 Be7 17. b4 Qc7 18. Rc1 Qb8 19. Bf4 a6 20. Rh3 Bd8 21. Qd2 Bc7 22. Qb2 Qa7 23. Kg1 Bb6 24. Rf1 Ne7 25. h5 Rg8 26. g4 Bc6 27. Nfd4 Kd7 28. Be3 g6 29. Kh2 Bxd4 30. Nxd4 Qb8 31. f4 gxh5 32. gxh5 Ke8 33. Qb1 Rg7 34. Rg1 Rxg1 35. Kxg1 h6 36. Rg3 Kd7 37. Rg7 Re8 38. Qc2 Kd8 39. a4 Qc7 40. b5 axb5 41. axb5 Bd7 42. Qb2 Qa5 43. Kf2 Nc8 44. Rg1 Re7 45. Bd2 Qc7 46. b6 Qb8 47. Ke3 Be8 48. Rg8 Rf7 49. Rxf8 Rxf8 50. Nxe6+ Ke7 51. Qb4+ Kxe6 52. Qxf8 Nxb6 53. Bf5# 1-0

[Event "SVK-chT 0506"]
[Site "Slovakia"]
[Date "2006.01.28"]
[Round "8"]
[White "Zetocha, Claudiu"]
[Black "Vach, Pavol"]
[Result "1-0"]
[WhiteElo "2378"]
[BlackElo "2167"]
[PlyCount "133"]
[EventDate "2005.10.08"]
[EventType "team-tourn"]
[EventRounds "11"]
[EventCountry "SVK"]
[SourceTitle "EXT 2019"]
[Source "ChessBase"]
[SourceDate "2018.10.10"]
[SourceVersion "1"]
[SourceVersionDate "2018.10.10"]
[SourceQuality "1"]
[WhiteTeam "Komarno"]
[BlackTeam "Senica"]
[WhiteTeamCountry "SVK"]
[BlackTeamCountry "SVK"]

1. e4 e6 2. d4 d5 3. Nc3 Nf6 4. e5 Nfd7 5. f4 c5 6. Nf3 Nc6 7. Be3 Be7 8. Qd2 0-0 9. Bd3 f5 10. exf6 Bxf6 11. Be2 Qe7 12. dxc5 Nxc5 13. 0-0-0 Rd8 14. Nd4 Bd7 15. Bf3 Nxd4 16. Bxd4 Bc6 17. Qe3 Na4 18. Rhe1 Nxc3 19. Bxc3 Re8 20. Bh5 g6 21. Bg4 Bd7 22. Be5 b6 23. Qd4 Kf7 24. g3 Rac8 25. Be2 Qc5 26. c3 Qxd4 27. Bxd4 Ba4 28. Rd2 e5 29. Bxe5 Bxe5 30. fxe5 Rxe5 31. Rd4 Bc6 32. Rf1+ Kg7 33. Kd2 Rxe2+ 34. Kxe2 Bb5+ 35. Rd3 d4 36. cxd4 Rc2+ 37. Ke3 Bxd3 38. Kxd3 Rxb2 39. d5 Rxa2 40. d6 Ra5 41. Ke4 Ra2 42. Kd5 Rd2+ 43. Kc6 b5 44. Ra1 b4 45. Rxa7+ Kf6 46. Rb7 Ke6 47. Re7+ Kf6 48. Re3 Rc2+ 49. Kd5 Rd2+ 50. Kc5 Rxh2 51. d7 Rd2 52. Kc6 Rc2+ 53. Kb7 Rd2 54. Kc7 Rc2+ 55. Kd8 Rd2 56. Ke8 h5 57. d8Q+ Rxd8+ 58. Kxd8 Kf5 59. Rb3 Kg4 60. Ke7 g5 61. Kf6 h4 62. Rxb4+ Kxg3 63. Kxg5 h3 64. Rb3+ Kg2 65. Kg4 h2 66. Rb2+ Kg1 67. Kg3 1-0

[Event "SVK-chT1W 0304"]
[Site "Slovakia"]
[Date "2004.??.??"]
[Round "6"]
[White "Kubik, Peter"]
[Black "Vach, Pavol"]
[Result "0-1"]
[WhiteElo "1780"]
[BlackElo "2145"]
[PlyCount "72"]
[EventDate "2003.10.??"]
[EventType "team"]
[EventRounds "9"]
[EventCountry "SVK"]
[SourceTitle "EXT 2007"]
[Source "ChessBase"]
[SourceDate "2006.11.23"]
[SourceVersion "1"]
[SourceVersionDate "2006.11.23"]
[SourceQuality "1"]

1. e4 e5 2. Nf3 Nf6 3. Nc3 Nc6 4. Bb5 d6 5. 0-0 Bd7 6. d4 exd4 7. Nxd4 Be7 8. Re1 0-0 9. b3 Nxd4 10. Qxd4 c6 11. Be2 Qc7 12. Bf3 Bg4 13. Bxg4 Nxg4 14. Bf4 Bf6 15. Qd2 Qa5 16. e5 Nxe5 17. Ne4 Qxd2 18. Nxf6+ gxf6 19. Bxd2 Rfe8 20. c4 Nd3 21. Re3 Rxe3 22. Bxe3 Nb4 23. a3 Nc2 24. Ra2 Nxe3 25. fxe3 Kf8 26. Kf2 Ke7 27. Kf3 Ke6 28. Rd2 Rd8 29. Kf4 d5 30. cxd5+ Rxd5 31. Rxd5 Kxd5 32. Kf5 c5 33. Kxf6 b5 34. h4 c4 35. bxc4+ bxc4 36. h5 c3 0-1

[Event "SVK-chT1W 0304"]
[Site "Slovakia"]
[Date "2004.??.??"]
[Round "10"]
[White "Vach, Pavol"]
[Black "Diviak, Rastislav"]
[Result "1-0"]
[WhiteElo "2145"]
[BlackElo "1920"]
[PlyCount "86"]
[EventDate "2003.10.??"]
[EventType "team"]
[EventRounds "9"]
[EventCountry "SVK"]
[SourceTitle "EXT 2007"]
[Source "ChessBase"]
[SourceDate "2006.11.23"]
[SourceVersion "1"]
[SourceVersionDate "2006.11.23"]
[SourceQuality "1"]

1. d4 Nf6 2. c4 g6 3. Nc3 Bg7 4. Nf3 d6 5. e4 0-0 6. Be2 e5 7. dxe5 dxe5 8. Qxd8 Rxd8 9. Bg5 c6 10. Nxe5 Re8 11. f4 Na6 12. 0-0 Nc5 13. Bf3 Nfxe4 14. Nxe4 Nxe4 15. Bxe4 f6 16. Bxf6 Bxf6 17. Rfe1 Bxe5 18. fxe5 Be6 19. b3 Re7 20. Re2 Kg7 21. h3 Rd8 22. Kf2 Rf8+ 23. Bf3 Ref7 24. Re3 Rd7 25. Ke1 Rdf7 26. Ke2 Re7 27. Rd1 Rfe8 28. Kd2 Bf5 29. Rde1 Rd8+ 30. Kc3 g5 31. a4 a5 32. b4 axb4+ 33. Kxb4 Be6 34. Rd1 Red7 35. Rxd7+ Rxd7 36. Kc5 Kf7 37. a5 Ke7 38. a6 bxa6 39. Bxc6 Rd2 40. Rb3 h6 41. Rb7+ Bd7 42. Bxd7 Rxd7 43. Rxd7+ Kxd7 1-0

[Event "SVK-chT1W 0203"]
[Site "Slovakia"]
[Date "2003.01.18"]
[Round "7.7"]
[White "Vach, Pavol"]
[Black "Pobjecky, Ivan"]
[Result "1-0"]
[WhiteElo "1942"]
[BlackElo "2005"]
[PlyCount "93"]
[EventDate "2002.10.12"]
[EventType "team-tourn"]
[EventRounds "11"]
[EventCountry "SVK"]
[SourceTitle "EXT 2005"]
[Source "ChessBase"]
[SourceDate "2004.11.15"]
[SourceVersion "1"]
[SourceVersionDate "2004.11.15"]
[SourceQuality "1"]
[WhiteTeam "Senica"]
[BlackTeam "Bratislava PI"]
[WhiteTeamCountry "SVK"]
[BlackTeamCountry "SVK"]

1. d4 Nf6 2. c4 g6 3. Nc3 Bg7 4. e4 d6 5. Nf3 0-0 6. Be2 Nc6 7. 0-0 e5 8. dxe5 dxe5 9. Qxd8 Rxd8 10. Bg5 Re8 11. Nd5 Nxd5 12. cxd5 Nd4 13. Nxd4 exd4 14. f3 Bd7 15. Bd3 c5 16. dxc6 Bxc6 17. Rfc1 Rac8 18. Rc2 h6 19. Bd2 Rcd8 20. b4 Ba4 21. Rc7 Bc6 22. Bc4 Rd7 23. Rxd7 Bxd7 24. Rc1 Kf8 25. b5 Rc8 26. Bd3 Ke8 27. Kf2 g5 28. Ke2 Be5 29. g3 Bd6 30. Rxc8+ Bxc8 31. Bc4 Be6 32. Kd3 Bc5 33. Bc1 Bh3 34. Ke2 Be6 35. Bxe6 fxe6 36. e5 d3+ 37. Kxd3 Bg1 38. Ke2 Bd4 39. Be3 Bxe5 40. Bxa7 Ke7 41. Bc5+ Bd6 42. Bxd6+ Kxd6 43. Kd3 Kc5 44. Ke4 Kxb5 45. Ke5 Kc4 46. Kxe6 Kd4 47. f4 1-0